[Event "CHN-ch Rapid Women 2017"]
[Site "Shenzhen"]
[Date "2017.12.08"]
[Round "7"]
[White "Ren, Xiaoyi"]
[Black "Zhao, Shengxin"]
[Result "0-1"]
[WhiteElo "2254"]
[BlackElo "2183"]
[Annotator "NA"]
[PlyCount "110"]
[EventDate "2017.??.??"]
[EventType "rapid"]
[EventCountry "CHN"]
[SourceTitle "playchess.com"]
[Source "ChessBase"]
[SourceQuality "1"]
[TimeControl "900+10"]

1. d4 d5 2. c4 dxc4 3. e3 Be6 4. Nf3 Nf6 5. Nc3 c6 6. a4 Nd5 7. Ng5 Nxc3 8. bxc3 Qd7 9. e4 h6 10. Nf3 Qc7 11. Ne5 Nd7 12. Nxc4 Nf6 13. Qf3 g6 14. Bf4 Qc8 15. Be5 Bg4 16. Qe3 Bg7 17. h3 Bd7 18. Be2 b5 19. Nd2 O-O 20. O-O Kh7 21. Nb3 Be8 22. Bxf6 exf6 23. Nc5 Bd7 24. c4 b4 25. a5 Re8 26. Bd3 Qd8 27. Rfb1 f5 28. e5 Rb8 29. Ra4 b3 30. Ra3 b2 31. Ra2 Bc8 32. Raxb2 Rxb2 33. Rxb2 Qxa5 34. f4 Bf8 35. Nb7 Qc3 36. Rb1 Bb4 37. Rc1 Qb3 38. Rb1 Qa3 39. Nc5 Bxc5 40. dxc5 Rd8 41. Rd1 Be6 42. Kf2 Bxc4 43. Bxc4 Qxe3+ 44. Kxe3 Rxd1 45. Bxf7 Kg7 46. Be8 Rd5 47. Bxc6 Rxc5 48. Ba4 a5 49. Kd4 Rc1 50. Kd5 Ra1 51. Bb5 a4 52. e6 Kf6 53. Bc4 a3 54. Kd6 Rd1+ 55. Bd5 Rxd5+ {Ke5} 0-1

[Event "CHN-ch Rapid Women 2017"]
[Site "Shenzhen"]
[Date "2017.12.08"]
[Round "7"]
[White "Gu, Tianlu"]
[Black "Wang, Doudou"]
[Result "0-1"]
[WhiteElo "2197"]
[BlackElo "2191"]
[Annotator "ChessBase"]
[PlyCount "148"]
[EventDate "2017.??.??"]
[EventType "rapid"]
[EventCountry "CHN"]
[SourceTitle "playchess.com"]
[Source "ChessBase"]
[SourceQuality "1"]
[TimeControl "900+10"]

1. Nf3 Nf6 2. g3 b6 3. Bg2 Bb7 4. d3 e6 5. O-O Be7 6. e4 O-O 7. h3 d6 8. a4 c5 9. Nc3 Nc6 10. d4 cxd4 11. Nxd4 Nxd4 12. Qxd4 a6 13. Be3 Nd7 14. Rfd1 Qc7 15. Kh2 Rfd8 16. f4 Rac8 17. Qd2 Bc6 18. Qf2 Qb7 19. g4 Nc5 20. e5 Bxg2 21. Qxg2 Qxg2+ 22. Kxg2 d5 23. Rd2 Kf8 24. Rad1 Ke8 25. Bd4 Rc6 26. b3 Rdc8 27. Rf2 Nd7 28. Rd3 Bb4 29. Na2 Be1 30. Re2 Rxc2 31. Kf1 Bh4 32. Nc3 Rxe2 33. Nxe2 Be7 34. f5 Bc5 35. Bc3 Ke7 36. b4 d4 37. Bd2 Nxe5 38. Rb3 Bd6 39. Nxd4 Rc4 40. Ne2 b5 41. axb5 axb5 42. fxe6 fxe6 43. Bc3 Nc6 44. Bxg7 Rxb4 45. Rxb4 Bxb4 46. Kf2 Bd2 47. Kf3 Kd6 48. Ke4 Be1 49. Bf8+ Kd7 50. Nf4 b4 51. Nd3 Bc3 52. Nc5+ Ke8 53. Bh6 Ke7 54. Kd3 Ne5+ 55. Kc2 Nf3 56. Ne4 Be1 57. Kb3 Ng1 58. Bd2 Bxd2 59. Nxd2 Nxh3 60. Kxb4 Kf6 61. Nf3 Nf2 62. g5+ Kf5 63. Nd4+ Ke5 64. Kc4 Ne4 65. Nf3+ Kf4 66. Nd4 Nxg5 67. Kd3 e5 68. Nc6 h5 69. Ne7 Kf3 70. Ng6 e4+ 71. Kd2 Kf2 72. Nf4 e3+ 73. Kd1 h4 74. Nd3+ Kf1 0-1

[Event "CHN-ch Rapid Women 2017"]
[Site "Shenzhen"]
[Date "2017.12.08"]
[Round "7"]
[White "Li, Xueyi"]
[Black "Zhang, Lanlin"]
[Result "1-0"]
[WhiteElo "2190"]
[BlackElo "2183"]
[Annotator "NA"]
[PlyCount "95"]
[EventDate "2017.??.??"]
[EventType "rapid"]
[EventCountry "CHN"]
[SourceTitle "playchess.com"]
[Source "ChessBase"]
[SourceQuality "1"]
[TimeControl "900+10"]

1. d4 d5 2. c4 c6 3. Nc3 Nf6 4. e3 e6 5. Nf3 Nbd7 6. Qc2 Bd6 7. g4 dxc4 8. g5 Nd5 9. Bxc4 Nb4 10. Qe2 b5 11. Bb3 a5 12. a3 Na6 13. e4 b4 14. axb4 axb4 15. Nd1 Bb7 16. Ne3 Nb6 17. h4 Nc7 18. Rxa8 Qxa8 19. h5 Kd7 20. Ng4 Qa1 21. Nfe5+ Kc8 22. Qc2 Bxe5 23. Nxe5 Rd8 24. O-O Qa5 25. Be3 Qa8 26. Nxf7 Rf8 27. Nd6+ Kb8 28. d5 Nc8 29. Nxb7 Qxb7 30. Qc5 Re8 31. dxc6 Qb5 32. Qxb5+ Nxb5 33. Ba4 Nc7 34. Rd1 e5 35. Bc5 g6 36. h6 Rh8 37. Rd7 Ne6 38. Be3 Nf8 39. Rd8 Kc7 40. Re8 Nd6 41. Re7+ Kd8 42. Rxe5 Nc4 43. c7+ Kc8 44. Re8+ Kxc7 45. Bd4 Rg8 46. Bb3 Nd6 47. Re7+ Kd8 48. Bf6 1-0

[Event "CHN-ch Rapid Women 2017"]
[Site "Shenzhen"]
[Date "2017.12.08"]
[Round "7"]
[White "Chu, Ruotong"]
[Black "Yuan, Ye"]
[Result "1/2-1/2"]
[WhiteElo "2166"]
[BlackElo "2159"]
[Annotator "ChessBase"]
[PlyCount "144"]
[EventDate "2017.??.??"]
[EventType "rapid"]
[EventCountry "CHN"]
[SourceTitle "playchess.com"]
[Source "ChessBase"]
[SourceQuality "1"]
[TimeControl "900+10"]

1. d4 Nf6 2. c4 g6 3. Nc3 d5 4. Bf4 Bg7 5. e3 O-O 6. Rc1 Be6 7. Nf3 dxc4 8. Ng5 Bd5 9. e4 h6 10. exd5 hxg5 11. Bxg5 Nxd5 12. Bxc4 Nb6 13. Bb3 Nc6 14. d5 Nd4 15. O-O Qd7 16. Re1 Rfe8 17. Bf4 Rad8 18. Be5 Nxb3 19. Qxb3 Bxe5 20. Rxe5 c6 21. dxc6 Qxc6 22. Rce1 Qf6 23. R5e3 Rd7 24. a4 Rc8 25. Rf3 Qg7 26. Nb5 Rd2 27. Nc3 Rd7 28. Rf4 e6 29. Rb4 Rd2 30. a5 Nd5 31. Nxd5 exd5 32. Rxb7 Qe5 33. Rf1 Qe2 34. Rb8 Rxb8 35. Qxb8+ Kg7 36. h3 a6 37. b4 d4 38. b5 Qxb5 39. Qxb5 axb5 40. Rb1 Ra2 41. Rxb5 Ra1+ 42. Kh2 d3 43. Rd5 d2 44. Rxd2 Rxa5 45. f4 g5 46. fxg5 Rxg5 47. Rd4 Ra5 48. h4 Kf6 49. Kh3 Kf5 50. Rd3 Ra1 51. Rd5+ Kf6 52. Rg5 Ra4 53. g3 Rb4 54. Rg4 Rb5 55. Rf4+ Kg6 56. Kg4 Ra5 57. Rb4 f6 58. Rf4 f5+ 59. Kh3 Ra3 60. Rb4 Rc3 61. Rb6+ Kf7 62. Kg2 Kg7 63. Kf2 Ra3 64. Re6 Rb3 65. Re3 Rb4 66. Kf3 Kf6 67. Ra3 Rb6 68. Ra4 Rb1 69. Ra6+ Ke5 70. Ra5+ Kf6 71. Ra6+ Ke5 72. Ra4 Rb3+ {Ke4} 1/2-1/2

[Event "CHN-ch Rapid Women 2017"]
[Site "Shenzhen"]
[Date "2017.12.08"]
[Round "7"]
[White "Hong, Xing"]
[Black "Ning, Kaiyu"]
[Result "1-0"]
[WhiteElo "2017"]
[BlackElo "2169"]
[Annotator "NA"]
[PlyCount "91"]
[EventDate "2017.??.??"]
[EventType "rapid"]
[EventCountry "CHN"]
[SourceTitle "playchess.com"]
[Source "ChessBase"]
[SourceQuality "1"]
[TimeControl "900+10"]

1. c4 e6 2. b3 d5 3. Bb2 d4 4. Nf3 c5 5. g3 Nc6 6. Bg2 g6 7. e3 Bg7 8. exd4 cxd4 9. O-O Nge7 10. d3 O-O 11. Qd2 a5 12. a3 Qb6 13. Qc2 e5 14. Nbd2 Bf5 15. Rfe1 Qc7 16. Nh4 Be6 17. Ne4 Nf5 18. Nf3 Nd6 19. Nfg5 Bf5 20. c5 Nxe4 21. Bxe4 Bxe4 22. Nxe4 Rad8 23. Qc4 Qd7 24. Nd6 Bh6 25. Re2 Ra8 26. Rae1 Kg7 27. Rxe5 Nxe5 28. Qxd4 f6 29. Rxe5 Kh8 30. Re4 Bg7 31. Qe3 Qc6 32. Re7 Qd5 33. Rd7 Qxb3 34. Qe7 Qg8 35. Rxb7 h6 36. Nf7+ Kh7 37. Bxf6 Rae8 38. Ng5+ hxg5 39. Qxg7+ Qxg7 40. Bxg7 Rf3 41. Rd7 g4 42. c6 Rf5 43. Be5+ Kh6 44. d4 Kg5 45. c7 Rff8 46. Bd6 1-0

[Event "CHN-ch Rapid Women 2017"]
[Site "Shenzhen"]
[Date "2017.12.08"]
[Round "8"]
[White "Ni, Shiqun"]
[Black "Wang, Jue"]
[Result "1/2-1/2"]
[WhiteElo "2441"]
[BlackElo "2359"]
[Annotator "TA"]
[PlyCount "64"]
[EventDate "2017.??.??"]
[EventType "rapid"]
[EventCountry "CHN"]
[SourceTitle "playchess.com"]
[Source "ChessBase"]
[SourceQuality "1"]

{[%evp 9,64,8,11,0,8,6,45,30,44,44,53,33,41,43,43,42,51,50,55,48,65,73,65,60,197,173,165,175,170,172,182,181,179,158,161,131,222,123,187,158,160,178,202,207,207,202,205,192,195,205,191,96,106,21,22,21,22]} 1. d4 d5 2. Nf3 Nf6 3. Bf4 Bf5 4. e3 e6 5. Bd3 Ne4 6. O-O {D02: 1 d4 d5 2 Nf3 sidelines, including 2...Nf6 3 g3 and 2...Nf6 3 Bf4} (6. Nfd2 Nxd2 7. Qxd2 Bxd3 8. Qxd3 c6 9. O-O Bd6 10. Bxd6 Qxd6 11. Qb3 b6 12. c4 O-O 13. Nc3 Nd7 14. cxd5 exd5 {½-½ (24) Bu,X (2723)-Li,C (2758) Wuxi 2016}) 6... Bd6 7. Bxd6 Qxd6 8. c4 {White is slightly better.} dxc4 $146 ({Predecessor:} 8... c6 9. Qc2 O-O 10. Nh4 Nd7 11. Nxf5 exf5 12. f3 Nef6 13. Bxf5 Rfe8 {1-0 (44) Volkamer,T (1595)-Rachor,U (1486) Obernau 2009}) 9. Bxc4 h6 10. Nbd2 O-O 11. Qb3 b6 12. Rfd1 Nd7 13. Rac1 Nxd2 14. Nxd2 c6 15. Be2 {[%cal Bc4e2,Be2f3,Bf3d5][%mdl 32]} c5 16. Qa3 Rfc8 ({Better is} 16... Rad8 $14) 17. Bf3 Rab8 18. Nc4 (18. Qxa7 $6 cxd4 19. exd4 Bd3 $14) 18... Qc7 19. dxc5 Qxc5 20. b4 $1 {[%cal Rb4c5]} ({Don't play} 20. Rxd7 $6 Qxa3 21. bxa3 b5 $14) (20. Qxa7 $6 Rc7 $16) 20... Qe7 21. Qxa7 e5 22. Bd5 e4 (22... Qxb4 $16 {keeps fighting.} 23. Bxf7+ Kh8) 23. Qa3 ({White should try} 23. b5 $18) 23... Nf6 (23... Bg4 $16 {is a better defense.} 24. Rd4 Nf6) 24. Nd6 $1 $18 {[%cal Rd6f5]} Rxc1 25. Qxc1 Be6 26. Bxe6 Qxe6 27. Qc7 Ra8 28. Qxb6 Rxa2 {[#]} 29. h3 $1 Qb3 30. Qd4 (30. Rc1 $18) 30... Ra4 $16 {[#]} 31. Nf5 (31. Rc1 $1 $16) 31... Rxb4 $11 32. Qd8+ Kh7 {Precision: White = 54%, Black = 53%.} 1/2-1/2

[Event "CHN-ch Rapid Women 2017"]
[Site "Shenzhen"]
[Date "2017.12.08"]
[Round "8"]
[White "Guo, Qi"]
[Black "Zhai, Mo"]
[Result "0-1"]
[WhiteElo "2396"]
[BlackElo "2302"]
[Annotator "RC"]
[PlyCount "98"]
[EventDate "2017.??.??"]
[EventType "rapid"]
[EventCountry "CHN"]
[SourceTitle "playchess.com"]
[Source "ChessBase"]
[SourceQuality "1"]
[TimeControl "900+10"]

1. d4 Nf6 2. c4 e6 3. Nf3 b6 4. a3 Bb7 5. Nc3 d5 6. Bf4 Be7 7. e3 O-O 8. Rc1 c5 9. cxd5 Nxd5 10. Nxd5 Bxd5 11. dxc5 bxc5 12. Bd3 h6 13. O-O Nd7 14. Qe2 Nf6 15. Ne5 Qb6 16. e4 Bb3 17. Nc4 Bxc4 18. Rxc4 Rfd8 19. e5 Nd7 20. Bc1 Qc7 21. Qe4 Nf8 22. Re1 Qd7 23. Bc2 Qd5 24. Qe2 Rac8 25. Rg4 Kh8 26. Rg3 f5 27. Qh5 Nh7 28. Qg6 Rg8 29. Qf7 Bh4 30. Rd3 Qc4 31. Rc3 Qa6 32. Be3 Bg5 33. f4 Bd8 34. Rd1 Ba5 35. Rcd3 Rgf8 36. Qg6 Rc6 37. Rd7 Rg8 38. Bd3 c4 39. Be2 Nf8 40. Qf7 Nxd7 41. Rxd7 Bb6 42. Bxb6 Qxb6+ 43. Kf1 Qxb2 44. Kf2 c3 45. Re7 Qb6+ 46. Kg3 c2 47. Re8 Rxe8 48. Qxe8+ Kh7 49. Bh5 Rc3+ 0-1

[Event "CHN-ch Rapid Women 2017"]
[Site "Shenzhen"]
[Date "2017.12.08"]
[Round "8"]
[White "Zhu, Jiner"]
[Black "Huang, Qian"]
[Result "0-1"]
[WhiteElo "2324"]
[BlackElo "2438"]
[Annotator "TA"]
[PlyCount "108"]
[EventDate "2017.??.??"]
[EventType "rapid"]
[EventCountry "CHN"]
[SourceTitle "playchess.com"]
[Source "ChessBase"]
[SourceQuality "1"]

{[%evp 9,108,27,32,22,28,20,36,50,69,16,27,7,15,10,6,12,17,0,77,78,91,74,72,54,66,58,66,64,61,63,68,-12,-23,-27,-30,-22,-19,-53,-65,-80,-16,-18,-20,-52,-22,-28,-49,-41,0,-46,0,0,0,-19,-23,-120,-88,-170,-175,-170,-168,-202,-71,-58,0,-114,0,0,0,-130,-108,-96,-108,-149,-148,-210,-140,-122,-114,-401,-397,-659,-648,-637,-638,-619,-602,-566,-490,-1749,-1666,-1803,-1611,-1813,-1762,-1638,-1712,-2174,-2088,-29988,-29989]} 1. b3 c5 2. e4 Nc6 3. Bb2 d5 4. exd5 Qxd5 5. Nc3 Qd8 {LiveBook: 4 Partien} (5... Qe5+ 6. Qe2 Qxe2+ 7. Ngxe2 Bf5 8. O-O-O O-O-O 9. g3 e5 10. f4 exf4 11. Nxf4 Nf6 {1-0 (52) Kramnik,V (2796)-Inarkiev,E (2695) Nizhnij Novgorod 2013}) 6. f4 {B20: Sizilianisch} Nf6 7. Nf3 Bg4 $146 ({Vorgänger:} 7... a6 8. Ne5 Nd4 9. Ne2 e6 10. Nxd4 cxd4 11. Qf3 Bc5 12. g4 Qd5 13. Bg2 Qxf3 14. Bxf3 {0-1 (46) Shishkin,V (2189)-Cerveny,M (2285) Olomouc 2008}) 8. Bb5 {Weiß steht etwas besser.} Qd6 9. h3 (9. O-O $14) 9... Bd7 $1 $11 10. g3 a6 11. Bxc6 Bxc6 12. Qe2 e6 13. O-O-O Bxf3 (13... Be7 $11) 14. Qxf3 $16 O-O-O 15. Na4 Qc7 16. Kb1 Kb8 17. c4 b5 18. cxb5 axb5 19. Nc3 $1 Qb7 20. Qe2 (20. Qxb7+ $14 Kxb7 21. Nxb5) 20... b4 $36 {[%mdl 2048] Schwarz hat Initiative.} 21. Na4 Qe4+ 22. Qxe4 Nxe4 23. Rh2 Nxg3 24. d4 cxd4 ({Besser ist} 24... Nf5 $17 {[%cal Rc5d4]} 25. Rhd2 cxd4 26. Bxd4 Kb7) 25. Bxd4 {Und La7+! würde nun gewinnen.} Kb7 26. Rhd2 Be7 27. Bxg7 Rxd2 28. Rxd2 Rd8 (28... Rc8 {looks sharper.} 29. Be5 Nf5 30. Rf2 h5 31. Re2 Rd8) 29. Nc5+ Kb6 (29... Kc8 {feels hotter.} 30. Rc2 Rd1+ 31. Kb2 Nf5 32. Ne4+ Kd7) 30. Rxd8 Bxd8 {[%mdl 4096] Endspiel KLS-KLS} 31. Nd7+ Kb5 32. Ne5 (32. Kc2 $11 {hält das Gleichgewicht.}) 32... f6 $1 $17 {[%cal Rf6e5]} 33. Nd3 (33. Nf3 $17) 33... Be7 $1 $19 34. Kc2 Kc6 $1 35. Nf2 Nh5 (35... Ne2 $1 $19 {und Schwarz behält klar die Oberhand.} 36. Nd3 Kd5) 36. Bh6 $17 Ng3 (36... Bd6 $15 37. Ne4 Bc7) 37. Bg7 $1 h5 (37... Ne2 $17 38. Bh6 Kd5) 38. Kd3 $1 $11 Kd5 39. Bh8 {[#]} (39. Nd1 $11) 39... e5 $1 $17 {[%cal Re5e4]} 40. fxe5 fxe5 {[%cal Bf6e5,Be5e4][%mdl 32]} 41. Nd1 {[#]} e4+ $1 42. Kc2 (42. Ke3 $17 {ist der einzige Weg für Weiss..}) 42... Bc5 43. Kd2 Nf5 44. Ke2 $2 {[%mdl 8192]} (44. Bb2 $17) 44... Nd4+ $19 45. Kd2 $2 (45. Kf1 Ne6 46. Nb2) 45... Nf3+ 46. Ke2 Ng1+ 47. Kd2 Nxh3 48. Ne3+ Ke6 49. Bg7 (49. Nc2 $142 Ng5 50. Ke2) 49... Nf4 50. Bh6 Nd5 51. Nf1 h4 {[%cal Bh5h4,Bh4h3,Bh3h2][%mdl 32]} 52. Bg5 h3 53. Ng3 h2 54. Bh4 Bf2 {Precision: Weiß = 29%, Schwarz = 51%.} 0-1

[Event "CHN-ch Rapid Women 2017"]
[Site "Shenzhen"]
[Date "2017.12.08"]
[Round "8"]
[White "Xiao, Yiyi"]
[Black "Hong, Xing"]
[Result "1-0"]
[WhiteElo "2311"]
[BlackElo "2017"]
[Annotator "TA"]
[PlyCount "55"]
[EventDate "2017.??.??"]
[EventType "rapid"]
[EventCountry "CHN"]
[SourceTitle "playchess.com"]
[Source "ChessBase"]
[SourceQuality "1"]

{[%evp 20,55,90,87,73,70,66,64,51,49,61,43,54,48,65,68,64,62,62,62,61,64,78,67,80,66,281,300,332,288,329,302,370,365,408,390,375,372]} 1. Nf3 c5 2. g3 d5 3. Bg2 Nf6 4. O-O Nc6 5. d4 e6 6. c4 cxd4 7. cxd5 exd5 8. Nxd4 Bc5 9. Nxc6 {D30: Queen's Gambit Declined: Systems without Nc3} bxc6 10. Qc2 Qb6 11. Nc3 {[#] LiveBook: 5 Games. Strongly threatening Na4.White is better.} Be7 12. Be3 (12. e4 $5 {[%cal Re4d5]}) 12... Qb7 13. Na4 O-O 14. Rac1 Bg4 15. h3 ({Weaker is} 15. Qxc6 Qxc6 16. Rxc6 Bxe2 $17) 15... Bd7 16. Bc5 Rfe8 17. Bxe7 Rxe7 18. Nc5 $146 {[%mdl 2048] White is more active.} Qc8 19. Nxd7 Qxd7 20. e3 Rc8 21. b4 Ne4 22. Rfd1 Qb7 $2 {[#]} (22... Nf6 $14) 23. Rxd5 $1 $18 {[%mdl 512]} Nf6 (23... cxd5 24. Qxc8+) 24. Rd4 {[%cal Bd5d4,Bd4c4,Bc4c5][%mdl 32]} h6 25. Rc4 ({Resist} 25. Bxc6 Qc7 $18) 25... Qb5 26. a4 {White is winning.} Qe5 27. Rc5 Qd6 28. b5 {Precision: White = 87%, Black = 37%.} 1-0

[Event "CHN-ch Rapid Women 2017"]
[Site "Shenzhen"]
[Date "2017.12.08"]
[Round "8"]
[White "Xu, Huahua"]
[Black "Ren, Xiaoyi"]
[Result "1-0"]
[WhiteElo "2222"]
[BlackElo "2254"]
[Annotator "TA"]
[PlyCount "133"]
[EventDate "2017.??.??"]
[EventType "rapid"]
[EventCountry "CHN"]
[SourceTitle "playchess.com"]
[Source "ChessBase"]
[SourceQuality "1"]

{[%evp 16,133,28,38,46,13,101,29,38,41,54,38,120,40,34,36,32,31,61,55,66,67,125,125,139,136,155,152,156,148,181,161,229,227,227,229,224,231,389,380,475,307,498,239,247,247,1014,245,238,238,263,273,255,265,356,356,764,273,272,272,265,265,265,203,203,203,235,246,234,222,220,220,222,227,302,293,308,306,692,678,678,678,663,542,645,617,5891,670,29965,29968,29966,29969,29976,29977,29978,29979,29979,29980,29980,29979,29979,29980,29985,29981,29982,29983,29989,29988,29988,29989,29992,29991,29991,29988,29988,29989,29989,29988,29988,29989]} 1. c4 c6 2. d4 d5 3. cxd5 cxd5 4. Bf4 Nf6 5. Nc3 Bf5 6. e3 Qb6 7. Bb5+ Nc6 8. Qb3 e6 9. Nf3 Nd7 {D14: Slav Defence: Exchange variation with ...Bf5} (9... Be7 10. Ne5 Rc8 11. O-O O-O 12. Na4 Qa5 13. Bxc6 bxc6 14. Bg5 h6 15. Bxf6 gxf6 16. Nd7 Rfd8 17. Ndc5 {0-1 (43) Doric,D (2464)-Solak,D (2581) Nova Gorica 2011}) 10. O-O (10. Nh4 $5 {[%cal Rh4f5]} Bg4 11. h3 $14) 10... Bb4 (10... a6 $1 $11 {remains equal.} 11. Bxc6 bxc6) 11. Bxc6 (11. Rac1 $16) 11... bxc6 $11 {White has an edge.} 12. Na4 Qb5 13. Rfc1 $1 O-O $146 {[#]} (13... a5 $14) ({Predecessor:} 13... Ke7 14. Nc3 Qa5 15. a3 Bxc3 16. Rxc3 Qb5 {1-0 (24) Milanovic,V (2270)-Molnar,B (2205) Kecskemet 1991}) 14. a3 ({White should try} 14. Nc5 $1 $16 {[%cal Rc5d7][%mdl 512]} Nf6 (14... Bxc5 15. Qxb5) 15. a3) 14... Be7 $14 15. Qxb5 cxb5 16. Nc5 Nxc5 17. dxc5 Bf6 18. Be5 $36 {[%mdl 2048] White is pushing.} Be7 (18... Bxe5 $1 $14 19. Nxe5 Rac8) 19. Nd4 $16 Bd3 20. Rc3 Bg6 21. Nxb5 a6 22. Nd4 $1 Rfc8 {[#]} 23. Rac1 $1 Bd8 (23... a5 $142 24. Bd6 Bxd6) 24. f4 $18 a5 25. b4 {Black must now prevent b5.} axb4 26. axb4 Ra4 $2 (26... f6 {might work better.}) 27. b5 Rb4 28. b6 Be4 $2 (28... h6 29. Rb3 Rxb6 30. cxb6 Rxc1+ 31. Kf2 Bxb6) 29. Rb3 (29. Ra1 $142) 29... Rxb6 30. cxb6 Rxc1+ 31. Kf2 {b7 is the strong threat.} Bxb6 32. Rxb6 {White threatens Rb8+ and mate.} h6 33. Rb8+ Kh7 34. Rb7 Kg6 35. g4 {And now Nxe6! would win.} Rh1 $2 {[#]} (35... f6 36. Bd6 f5) 36. f5+ $2 (36. Nxe6 $1 {[%cal Re6f8][%mdl 512]} Rxh2+ (36... fxe6 37. Rxg7#) 37. Ke1 Rh1+ 38. Kd2 Rh2+ 39. Kc3 Rc2+ 40. Kb3) 36... exf5 37. gxf5+ Bxf5 38. Nxf5 Kxf5 {[%mdl 4096] Endgame KRB-KR} 39. Bg3 Ke6 40. Rb6+ Ke7 41. Rd6 Rd1 42. Ke2 Rb1 43. Rxd5 g6 44. Kf3 h5 45. Re5+ Kf6 46. Ra5 Rb4 $2 (46... Rf1+ 47. Ke4 Ke6 48. Ra6+ Ke7 49. Bd6+ Kd7) 47. Ra6+ Kg7 48. Be5+ Kh6 49. Bf4+ Kg7 50. Bg5 Rb5 51. h4 (51. Bf6+ $142 Kh7 52. e4) 51... Rb8 52. Bf6+ {White mates.} Kg8 53. Kf4 Re8 54. Rd6 Kf8 55. Rd8 Rxd8 56. Bxd8 {KB-K3P} Ke8 57. Bf6 Kd7 58. Ke5 Ke8 59. Bg5 Kf8 60. Kf6 Kg8 61. e4 {[%cal Be3e4,Be4e5][%mdl 32]} Kf8 62. e5 Kg8 63. Ke7 Kg7 64. Bf6+ Kg8 65. Ke8 g5 66. Bxg5 Kg7 67. Bf6+ {Precision: White = 71%, Black = 27%.} 1-0

[Event "CHN-ch Rapid Women 2017"]
[Site "Shenzhen"]
[Date "2017.12.08"]
[Round "8"]
[White "Kuang, Yinghui"]
[Black "Zhang, Xiaowen"]
[Result "1-0"]
[WhiteElo "2220"]
[BlackElo "2332"]
[Annotator "TA"]
[PlyCount "83"]
[EventDate "2017.??.??"]
[EventType "rapid"]
[EventCountry "CHN"]
[SourceTitle "playchess.com"]
[Source "ChessBase"]
[SourceQuality "1"]

{[%evp 10,83,-6,-24,-24,-22,-15,-21,-19,-21,-37,-75,-42,-30,-30,-35,-16,-27,-38,-54,-35,-47,-24,-33,0,-13,0,0,0,-10,-14,-85,-90,-132,-37,-46,-47,-43,-43,-39,-38,-47,-4,-68,0,0,51,0,0,0,0,-74,0,-118,-97,-149,-135,-154,-147,-240,-229,-240,-219,-237,0,0,543,0,1195,1155,29992,29990,29990,29991,29997,29998]} 1. e4 e5 2. Bc4 Nf6 3. d3 c6 4. Nf3 d5 5. exd5 cxd5 6. Bb5+ Bd7 $1 {[%cal Rd7b5] C24: Bishop's Opening: 2...Nf6} 7. Bxd7+ Nbxd7 8. O-O Bd6 {The position is equal.} 9. Re1 O-O 10. Nc3 h6 11. Nh4 Re8 12. Nf5 Bf8 13. Qf3 Qa5 $146 {...d4 is the strong threat.} ({Predecessor:} 13... Rc8 14. Re2 e4 15. dxe4 dxe4 16. Qg3 Kh7 17. Be3 {1-0 (46) Tempone,M (2450)-Casafus,R (2405) Buenos Aires 1993}) 14. Bd2 Qc5 15. Rac1 Kh7 16. Qh3 Re6 17. Ne2 Rae8 18. c4 d4 19. Neg3 Qc6 20. Ne4 (20. b4 $11) 20... Nxe4 $17 21. dxe4 {[#]} Rg6 (21... Qa4 $1 $17 22. a3 Nc5) 22. b4 a5 23. a3 axb4 24. axb4 Ra8 25. Qd3 Ra4 26. Qb3 (26. c5 $11) 26... Qa6 (26... b6 $1 $15) 27. c5 $11 Rf6 ({Better is} 27... Re6 $11) 28. b5 ({White should play} 28. f4 $1 $14) 28... Qa8 29. Qd5 Qe8 30. Qb3 (30. Red1 $1 $11) 30... Qa8 (30... Ra8 $17 31. Qd5 Rd8) 31. c6 (31. Qd5 $11 Qe8 32. Red1) 31... bxc6 $17 32. bxc6 ({White should try} 32. Rxc6 Ra2 33. Bxh6 Rxc6 34. bxc6) 32... Nc5 33. Qd5 {Black must now prevent c7.} Rxc6 34. Qxf7 (34. f4 $17) 34... Rf6 $19 35. Qh5 Nd3 {Threatens to win with ...Ra2.} (35... Nxe4 {[#]} 36. Nxh6 $1 {[%mdl 512]} gxh6 37. Qxe5 $11) 36. Bg5 Rc6 $2 (36... Nxc1 $19 37. Bxf6 Ra1 38. Bxg7 Bxg7) 37. Bxh6 $11 Kg8 $2 {[%mdl 8192]} ({Wrong is} 37... gxh6 $2 38. Rxc6 Ra7 39. Qg6+ Kh8 40. Qf6+ Kh7 41. Rb1 $18) (37... Rxc1 $11 38. Bxg7+ Kg8 39. Qh8+ Kf7 40. Qh5+ Kg8 41. Rxc1 Nxc1 42. Qh8+ Kf7 43. Qh5+ Kg8 44. Qh8+ Kf7 45. Qh5+ Kg8) 38. Bxg7 $2 $40 {[%mdl 128] White has some attack.} (38. Rxc6 $18 {White wants to mate with Bxg7!} Ra1 39. Rxa1 Qxa1+ 40. Bc1 Nxc1 41. g3 Ne2+ 42. Kg2 Qg1+ 43. Kh3 Qxf2 44. Kg4) 38... Bxg7 $4 {[%mdl 8192]} (38... Rxc1 $11 39. Qh8+ Kf7 40. Qh5+ Kg8 41. Qh8+ Kf7 42. Qh5+ Kg8) 39. Rxc6 $18 {Threatening mate with Rc7!} Nxe1 40. Ne7+ {White mates.} Kf8 41. Qf5+ Kxe7 42. Rc7+ {Precision: White = 46%, Black = 47%.} 1-0

[Event "CHN-ch Rapid Women 2017"]
[Site "Shenzhen"]
[Date "2017.12.08"]
[Round "8"]
[White "Zhang, Lanlin"]
[Black "Shen, Yang"]
[Result "0-1"]
[WhiteElo "2183"]
[BlackElo "2465"]
[Annotator "TA"]
[PlyCount "44"]
[EventDate "2017.??.??"]
[EventType "rapid"]
[EventCountry "CHN"]
[SourceTitle "playchess.com"]
[Source "ChessBase"]
[SourceQuality "1"]

{[%evp 13,44,15,25,18,0,-14,-11,-10,-8,-17,6,9,1,-42,-67,-67,-59,-52,-21,-21,-25,-27,-27,-31,-21,-34,-38,-73,-41,-68,-53,-1025,-1012]} 1. e4 e5 2. Nf3 Nc6 3. Bc4 Bc5 4. O-O Nf6 5. d3 d6 6. h3 Ne7 {C50: Hungarian Defence and Giuoco Pianissimo} (6... a6 7. c3 Ba7 8. Bb3 h6 9. Re1 g5 10. Be3 g4 11. hxg4 Bxe3 12. Rxe3 Nxg4 13. Re1 Qf6 14. Nbd2 {0-1 (55) Lu,S (2607)-Wei,Y (2709) Shenzhen 2016}) 7. c3 Bb6 {LiveBook: 6 Games} 8. a4 {Strongly threatening a5.} c6 {The position is equal.} 9. Be3 O-O 10. Nbd2 Ng6 11. Bb3 $146 ({Predecessor:} 11. Re1 Bc7 12. Bb3 Qe7 13. Nf1 Nh5 14. Bg5 {1-0 (47) Sobczak,M (1863)-Puczylowski,M (2126) Poznan 2015}) 11... h6 12. d4 Re8 13. d5 cxd5 14. exd5 Bf5 15. Nc4 Bxe3 16. Nxe3 Be4 17. Bc2 Bxc2 18. Qxc2 Nf4 19. Rad1 Rc8 20. c4 a5 (20... e4 $5 {[%cal Re4f3]} 21. Nd2 Qe7 $15) 21. Qb3 Nd7 22. Qc3 $2 {[%mdl 8192] [#]} (22. Kh2 $15) 22... Ne2+ {Precision: White = 28%, Black = 60%.} 0-1